000 00811nas a2200277 4500
001 BR2012001266
003 BR-BrBNA
005 20231205120249.0
007 ta
008 230509b bl.|||p| |||| 00| 00por d
040 _aBR-BrBNA
_bpor
_cBiblioteca Nacional de Agricultura
041 _a(Pt)
072 _aF01
100 1 _aLúcio, A.D.
100 1 _aHaesbaert, F.M.
100 1 _aSantos, D.
100 1 _aBenz, V.
245 1 _aEstimativa do tamanho de parcela para experimentos com alface
650 _aALFACE
650 _aPARCELA EXPERIMENTAL
650 _aPRÁTICA CULTURAL
650 _aPLANEJAMENTO
773 0 _tHorticultura Brasileira (Brazil)
_xISSN 0102-0536
_g(Oct-Dec 2011), v. 29(4) p. 510-515
_wBR2012001266
909 _a202311
_bLúcia
_c55
_dLúcia Elande
942 _2AGRIS
_n0
_cANA
999 _c217661
_d217661